00323nam a2200121Ia 4500008004100000082001800041100002100059245006800080250000600148260002300154300000800177650001600185191201s2008 xx 000 0 und d a621.3815bRAI aRASHID, Muhammad 0aIntroduction to PSpice Using OrCAD for Circuits and Electronics a3 aN.DelhibPHIc2008 a456 aB.Tech(ECE)